Представление документа в формате RUSMARC

ПолеНазваниеЗначение
  Тип записи a
  Библиографический уровень m
001 Контрольный номер RU/SLIB/B/208790214
005 Дата корректировки 20241025163424.2
010 Индекс ISBN __
d Цена 100-00; 1-98
101 Язык документа 0_
a Язык текста rus
c Язык оригинала rus
200 Заглавие и сведения об ответственности 0_
a Заглавие Древности Московского Кремля
f Первые сведения об ответственности Акад. наук СССР, Ордена Трудового Крас. Знамени ин-т археологии ; [отв. ред.: Н. Н. Воронин, М. Г. Рабинович]
b Общее обозначение материала Текст
210 Выходные данные 1_
a Место издания М.
c Издательство Наука
d Дата издания 1971
215 Физическое описание __
a Объем 290 [6] с.
c Иллюстрации/тип воспроизводства ил.
300 Общие примечания __
a Общие примечания Дар
330 Аннотация __
a Аннотация Книга посвящена результатам археологических исследований Москвы и Московского Кремля.
601 Наименование организации как предмет 02
a Наименование организации как предмет Кремль
601 Наименование организации как предмет 02
a Наименование организации как предмет Московский Кремль
606 Тематические рубрики __
a Основная рубрика Археология
606 Тематические рубрики __
a Основная рубрика Археология России
606 Тематические рубрики __
z Хронологическая подрубрика 20 в.
y Географическая подрубрика Россия; Москва
606 Тематические рубрики __
a Основная рубрика История
606 Тематические рубрики __
a Основная рубрика История России в целом
610 Ключевые слова 0_
a Ключевые слова археологические исследования; города; история городов; археологические раскопки; археологические работы; стратиграфия; культурные слои; археологические наблюдения; история культуры; археологические находки; древности; реликвии
686 Индексы других классификаций __
a Классификационный индекс 63.48(2)
686 Индексы других классификаций __
a Классификационный индекс 63.3(2-2Москва); ст63.4(2) + ст63.3(2-2Москва)
702 Вторичная интеллектуальная ответственность _1
a Фамилия Воронов
b Имя Н. Н.
4 Код отношения Ответственный редактор
4 Код отношения 340
702 Вторичная интеллектуальная ответственность _1
a Фамилия Рабинович
b Имя М. Г.
4 Код отношения Ответственный редактор
4 Код отношения 340
801 Источник записи _0
a Страна RU
b Организация Муниципальное бюджетное учреждение культуры "Централизованная библиотечная система" г. Сургут (Центральная городская библиотека им. А. С. Пушкина)
g Правила каталогизации ЦДБ/Симакова; КиК/Дорошева
801 Источник записи _1
a Страна RU
b Организация Муниципальное бюджетное учреждение культуры "Централизованная библиотечная система" г. Сургут (Центральная городская библиотека им. А. С. Пушкина)
g Правила каталогизации ЦДБ/Симакова; КиК/Дорошева
852 Данные о местонахождении __
j Шифр хранения 63.48(2)
i Авторский знак Д 73
p Инвентарный номер 6905(д)
901 Тип документа __
t Тип документа m
903 Характеристики (МАРС) __
a Дата передачи 20071017; 20060522
990 Данные о заказе (DOS) __
j Количество экземпляров (DOS) 1; 1
t N записи в КСУ для И/У (DOS) 200710; 199101